000 00474nam a2200181Ia 4500
008 090123s9999 xx 000 0 und d
082 _b3427
_a891.463/भेंडे
100 _aभेंडे सुभाष
245 _aअदेशी
250 _a1
260 _c1973
300 _a134
600 _aभेंडे सुभाष
630 _aअदेशी
700 _aभेंडे सुभाष
730 _aअदेशी
942 _cBOOK
999 _c41507
_d41507